[Event "20th Medicine Hat Open"]
[Site "Medicine Hat"]
[Date "2014.09.21"]
[Round "4.1"]
[White "Tran-Ly, Tristan"]
[Black "Miller, David"]
[Result "1-0"]
[WhiteElo "1955"]
[BlackElo "2249"]
[PlyCount "79"]
[EventDate "2014.09.20"]
[EventType "swiss"]
[EventRounds "5"]
[EventCountry "CAN"]

1. d4 Nf6 2. Bg5 g6 3. Nd2 Bg7 4. e4 d5 5. e5 Ne4 6. Nxe4 dxe4 7. Qd2 f6 8.
exf6 exf6 9. Be3 O-O 10. Bc4+ Kh8 11. h4 Bg4 12. Ne2 h5 13. O-O-O Qe8 14. Rdf1
Nd7 15. Nf4 c5 16. c3 cxd4 17. Bxd4 Bh6 18. Bb5 a6 19. Bxd7 Bxd7 20. Re1 Bf5
21. f3 Qb8 22. g3 exf3 23. Nxg6+ Kg7 24. Nf4 Kg8 25. Re7 Rf7 26. Re3 Qd6 27.
Rhe1 Qc6 28. Qd1 f2 29. Rf1 Re8 30. Rxe8+ Qxe8 31. Rxf2 Qe4 32. Kd2 Qd3+ 33.
Ke1 Qe4+ 34. Qe2 Qb1+ 35. Qd1 Re7+ 36. Ne2 Qxb2 37. Rxf5 Qxa2 38. Rxf6 Qd5 39.
Rg6+ Kh7 40. Rxh6+ 1-0

[Event "20th Medicine Hat Open"]
[Site "Medicine Hat"]
[Date "2014.09.21"]
[Round "4.2"]
[White "Zeggelaar, Mike"]
[Black "Sequillion, Aaron"]
[Result "0-1"]
[WhiteElo "2019"]
[BlackElo "2247"]
[PlyCount "74"]
[EventDate "2014.09.20"]
[EventType "swiss"]
[EventRounds "5"]
[EventCountry "CAN"]

1. e4 c5 2. Nf3 d6 3. d4 cxd4 4. Nxd4 Nf6 5. Nc3 a6 6. Bc4 e6 7. Bb3 Be7 8. Be3
O-O 9. g4 Qa5 10. f3 Nfd7 11. Qe2 Nc6 12. h4 Nxd4 13. Bxd4 b5 14. Kf2 b4 15.
Nd1 Bb7 16. c3 Rfc8 17. Ne3 Qd8 18. cxb4 Bxh4+ 19. Kg2 Nf8 20. Nf1 Ng6 21. Be3
Bg5 22. Ng3 Bxe3 23. Qxe3 Qf6 24. Rab1 Qe5 25. Ne2 a5 26. bxa5 Ba6 27. Rh5 Qf6
28. g5 Qe5 29. f4 Qc5 30. Nd4 e5 31. fxe5 dxe5 32. Bxf7+ Kxf7 33. Qf3+ Nf4+ 34.
Kh2 Qxd4 35. g6+ hxg6 36. Qb3+ Bc4 37. Qb7+ Kf6 0-1

[Event "20th Medicine Hat Open"]
[Site "Medicine Hat"]
[Date "2014.09.21"]
[Round "4.3"]
[White "Szulski, Adam"]
[Black "Quiring, John"]
[Result "0-1"]
[WhiteElo "1746"]
[BlackElo "1862"]
[PlyCount "76"]
[EventDate "2014.09.20"]
[EventType "swiss"]
[EventRounds "5"]
[EventCountry "CAN"]

1. e4 c5 2. Nf3 Nc6 3. d4 cxd4 4. Nxd4 g6 5. Bc4 Bg7 6. c3 d6 7. Nxc6 bxc6 8.
Qf3 e6 9. Be3 Ne7 10. O-O O-O 11. Bd4 a5 12. Bxg7 Kxg7 13. Qd3 Kg8 14. Qc2 Qb6
15. Bd3 a4 16. Nd2 d5 17. e5 c5 18. c4 Bb7 19. g4 Nc6 20. a3 Nxe5 21. Be2 Rfd8
22. h4 dxc4 23. Nxc4 Nxc4 24. Bxc4 Rd4 25. Be2 Qc6 26. f3 Rxg4+ 27. Kf2 Rd4 28.
h5 Rad8 29. Rad1 Qd5 30. hxg6 fxg6 31. Rg1 Bc6 32. Rxg6+ hxg6 33. Qxg6+ Kf8 34.
Qf6+ Ke8 35. Rh1 Kd7 36. Rh7+ Kc8 37. Ba6+ Kb8 38. Qg7 Qxf3+ 0-1

[Event "20th Medicine Hat Open"]
[Site "Medicine Hat"]
[Date "2014.09.21"]
[Round "4.4"]
[White "Anderson, Mark"]
[Black "Wong, Ford"]
[Result "1-0"]
[WhiteElo "1714"]
[BlackElo "1835"]
[PlyCount "77"]
[EventDate "2014.09.20"]
[EventType "swiss"]
[EventRounds "5"]
[EventCountry "CAN"]

1. d4 Nf6 2. c4 g6 3. Nc3 Bg7 4. e4 d6 5. f3 O-O 6. Be3 Nc6 7. Nge2 e5 8. d5
Ne7 9. Qd2 a6 10. Ng3 Ne8 11. h4 f5 12. exf5 gxf5 13. Bh6 f4 14. Bxg7 Kxg7 15.
Nge4 Nf5 16. Qf2 Nf6 17. Nxf6 Rxf6 18. Ne4 Rg6 19. h5 Ng3 20. Nxg3 Rxg3 21. Bd3
h6 22. Qe2 Qg5 23. Qe4 Kf6 24. Qg6+ Qxg6 25. hxg6 Rxg2 26. O-O-O Bf5 27. Bxf5
Kxf5 28. Rxh6 Rxg6 29. Rh7 c6 30. Rf7+ Rf6 31. Rxb7 cxd5 32. Rxd5 Rh8 33. Rb6
Rh3 34. Rd3 Rg6 35. Rxa6 Rg2 36. Raxd6 Rf2 37. c5 Rf1+ 38. Rd1 Rfxf3 39. c6 1-0

[Event "20th Medicine Hat Open"]
[Site "Medicine Hat"]
[Date "2014.09.21"]
[Round "4.5"]
[White "Panteluk, Steven"]
[Black "Taylor, Bill"]
[Result "1/2-1/2"]
[WhiteElo "1781"]
[BlackElo "1822"]
[PlyCount "67"]
[EventDate "2014.09.20"]
[EventType "swiss"]
[EventRounds "5"]
[EventCountry "CAN"]

1. d4 d5 2. Nf3 Nf6 3. g3 Bf5 4. c4 c6 5. Qb3 Qb6 6. c5 Qxb3 7. axb3 Bxb1 8.
Rxb1 Nbd7 9. b4 g6 10. Ne5 Nxe5 11. dxe5 Nd7 12. f4 Bg7 13. e3 a6 14. Bd2 f6
15. exf6 exf6 16. Bc3 O-O 17. Rd1 f5 18. Bg2 Bxc3+ 19. bxc3 Nf6 20. Ke2 Rfe8
21. h3 Re7 22. Rd3 Rae8 23. Kf3 a5 24. g4 fxg4+ 25. hxg4 axb4 26. cxb4 Ra8 27.
Rb1 Ne4 28. Rb2 h6 29. Rdb3 Kf7 30. Bf1 b6 31. cxb6 Rb8 32. Bd3 Nd6 33. Re2
Rxb6 34. e4 1/2-1/2

[Event "20th Medicine Hat Open"]
[Site "Medicine Hat"]
[Date "2014.09.21"]
[Round "4.6"]
[White "Sehn, Jordi"]
[Black "Steele, Len"]
[Result "0-1"]
[WhiteElo "1223"]
[BlackElo "1723"]
[PlyCount "70"]
[EventDate "2014.09.20"]
[EventType "swiss"]
[EventRounds "5"]
[EventCountry "CAN"]

1. e4 d5 2. e5 c5 3. Nf3 Nc6 4. Bb5 Bd7 5. c3 e6 6. d4 cxd4 7. cxd4 Qa5+ 8. Nc3
Bb4 9. Bd2 Bxc3 10. Bxc6 Bxd2+ 11. Qxd2 Qxd2+ 12. Kxd2 Bxc6 13. Rac1 Ne7 14.
Nh4 O-O 15. f4 Rac8 16. b3 Bd7 17. a4 Rxc1 18. Rxc1 Rc8 19. Rxc8+ Bxc8 20. Kc3
Bd7 21. Kb4 Nc8 22. g4 Kf8 23. f5 Ke7 24. f6+ gxf6 25. exf6+ Kxf6 26. Nf3 Ke7
27. Ne5 f6 28. Nxd7 Kxd7 29. Kc5 Kc7 30. b4 a6 31. b5 axb5 32. axb5 Nb6 33. Kb4
Nc4 34. Kc3 Kb6 35. Kb4 Nd6 0-1

[Event "20th Medicine Hat Open"]
[Site "Medicine Hat"]
[Date "2014.09.21"]
[Round "5.2"]
[White "Quiring, John"]
[Black "Anderson, Mark"]
[Result "1-0"]
[WhiteElo "1862"]
[BlackElo "1714"]
[PlyCount "71"]
[EventDate "2014.09.20"]
[EventType "swiss"]
[EventRounds "5"]
[EventCountry "CAN"]

1. e4 c6 2. d4 d5 3. Nc3 dxe4 4. Nxe4 Bf5 5. Ng3 Bg6 6. Nf3 Nd7 7. h4 h6 8. Bd3
Bxd3 9. Qxd3 Ngf6 10. Be3 e6 11. O-O-O Be7 12. Ne5 Nxe5 13. dxe5 Qxd3 14. Rxd3
Nd5 15. Bd2 O-O-O 16. a3 Rd7 17. Ne4 Rhd8 18. g3 f6 19. exf6 Nxf6 20. Rxd7 Rxd7
21. Re1 Nxe4 22. Rxe4 Bf6 23. Be3 b6 24. Rxe6 Kb7 25. Bxh6 Bxb2+ 26. Kxb2 gxh6
27. Rxh6 Rf7 28. g4 Rxf2 29. g5 Rg2 30. g6 Kc8 31. h5 Kd8 32. Rh7 Ke8 33. g7
Kf7 34. h6 Rg5 35. Rh8 Rb5+ 36. Ka2 1-0

[Event "20th Medicine Hat Open"]
[Site "Medicine Hat"]
[Date "2014.09.21"]
[Round "5.3"]
[White "Miller, David"]
[Black "Panteluk, Steven"]
[Result "1-0"]
[WhiteElo "2249"]
[BlackElo "1781"]
[PlyCount "69"]
[EventDate "2014.09.20"]
[EventType "swiss"]
[EventRounds "5"]
[EventCountry "CAN"]

1. e4 e5 2. f4 Nc6 3. Nf3 d6 4. Bc4 Be7 5. O-O Nf6 6. Nc3 O-O 7. d4 exd4 8.
Nxd4 Nxd4 9. Qxd4 a6 10. a4 Be6 11. Bd3 b6 12. Qe3 d5 13. Qf3 Bg4 14. Qg3 dxe4
15. Bxe4 Nxe4 16. Nxe4 f5 17. Nf2 Bh4 18. Qb3+ Kh8 19. Nxg4 fxg4 20. g3 Bf6 21.
Be3 Re8 22. Rad1 Qe7 23. Bf2 h5 24. Rfe1 Qf8 25. Qd5 Rxe1+ 26. Rxe1 g6 27. Re6
Rd8 28. Qe4 Kg7 29. c3 Rd1+ 30. Kg2 Rd2 31. Kf1 Rxb2 32. Bd4 Qa3 33. Bxf6+ Kf7
34. Re7+ Kxf6 35. Qe5# 1-0

[Event "20th Medicine Hat Open"]
[Site "Medicine Hat"]
[Date "2014.09.21"]
[Round "5.4"]
[White "Steele, Len"]
[Black "Zeggelaar, Mike"]
[Result "1/2-1/2"]
[WhiteElo "1723"]
[BlackElo "2019"]
[PlyCount "46"]
[EventDate "2014.09.20"]
[EventType "swiss"]
[EventRounds "5"]
[EventCountry "CAN"]

1. Nf3 d5 2. d4 Nf6 3. g3 Bf5 4. Bg2 e6 5. O-O h6 6. c4 c6 7. cxd5 exd5 8. Nc3
Bd6 9. Qb3 Qb6 10. Qxb6 axb6 11. a3 Nbd7 12. Nd2 Bc7 13. e4 dxe4 14. Ndxe4 Nxe4
15. Nxe4 O-O 16. Nc3 Rac8 17. d5 Be5 18. dxc6 bxc6 19. Be4 Bh3 20. Re1 Rfe8 21.
Bd2 Nc5 22. Bc2 Rcd8 23. Be3 Nd3 1/2-1/2

[Event "20th Medicine Hat Open"]
[Site "Medicine Hat"]
[Date "2014.09.21"]
[Round "5.5"]
[White "Szulski, Adam"]
[Black "Koperski, Dustin"]
[Result "1/2-1/2"]
[WhiteElo "1746"]
[BlackElo "1730"]
[PlyCount "90"]
[EventDate "2014.09.20"]
[EventType "swiss"]
[EventRounds "5"]
[EventCountry "CAN"]

1. e4 c5 2. Nf3 d6 3. d4 cxd4 4. Nxd4 Nf6 5. Nc3 a6 6. Bd3 e5 7. Nf3 Be7 8. O-O
Be6 9. Ng5 Bd7 10. Bc4 O-O 11. Be3 h6 12. Nf3 b5 13. Bd3 Be6 14. Nd2 Ng4 15.
Qe2 Nxe3 16. Qxe3 Nc6 17. Nd5 Rc8 18. Nxe7+ Qxe7 19. c3 d5 20. exd5 Bxd5 21. a4
b4 22. Bxa6 bxc3 23. bxc3 Ra8 24. Bb5 Rfc8 25. Rfe1 f6 26. f4 exf4 27. Qxe7
Nxe7 28. Rxe7 Rxc3 29. Rf1 Rc2 30. Nf3 Ra2 31. Rfe1 Bf7 32. R7e4 g5 33. h3 Rc8
34. R4e2 Ra3 35. Nd4 Bd5 36. Re8+ Rxe8 37. Bxe8 Rg3 38. Re2 f3 39. Rf2 fxg2 40.
Bc6 Bxc6 41. Nxc6 Rxh3 42. Kxg2 Ra3 43. a5 Kg7 44. Rb2 h5 45. Rb6 Ra2+ 1/2-1/2

[Event "20th Medicine Hat Open"]
[Site "Medicine Hat"]
[Date "2014.09.21"]
[Round "5.6"]
[White "Mikusek, Jerry"]
[Black "Scholz, Mike"]
[Result "1/2-1/2"]
[WhiteElo "1526"]
[BlackElo "1403"]
[PlyCount "153"]
[EventDate "2014.09.20"]
[EventType "swiss"]
[EventRounds "5"]
[EventCountry "CAN"]

1. d4 b6 2. e3 Nf6 3. Be2 Bb7 4. Bf3 d5 5. c4 e6 6. Nc3 Bb4 7. Bd2 Bxc3 8. Bxc3
O-O 9. Ne2 c6 10. Qb3 dxc4 11. Qxc4 Ba6 12. Qa4 Bxe2 13. Bxe2 b5 14. Qa5 Nbd7
15. Rc1 Qxa5 16. Bxa5 Rac8 17. O-O e5 18. dxe5 Nxe5 19. Rfd1 Nd5 20. g3 f5 21.
Bxb5 Nxe3 22. fxe3 cxb5 23. Rxc8 Rxc8 24. Bc3 Nc4 25. Rd3 g6 26. Kf2 Nxb2 27.
Bxb2 Rc2+ 28. Kf3 Rxb2 29. Rd8+ Kg7 30. Rd7+ Kh6 31. Rxa7 Rxh2 32. Rb7 Rxa2 33.
Rxb5 Ra4 34. Rb7 Re4 35. Rb6 Kg5 36. Rd6 Rb4 37. Rd5 h5 38. Rd2 Re4 39. Rg2 Kf6
40. Ra2 g5 41. Ra6+ Re6 42. Ra4 Kg6 43. Rb4 Kf6 44. Ra4 Rc6 45. Rb4 Rd6 46. Ra4
Re6 47. Rb4 Rc6 48. Ra4 Rc5 49. Rb4 Ke5 50. Ra4 g4+ 51. Kf2 Rc2+ 52. Kf1 Rc3
53. Kf2 Kd5 54. Rd4+ Ke5 55. Ra4 Rc2+ 56. Kf1 Rh2 57. Rb4 h4 58. gxh4 Rxh4 59.
Kg2 Rh8 60. Kg3 Rh3+ 61. Kf2 Rf3+ 62. Ke2 Rg3 63. Kf2 Rh3 64. Ra4 Rf3+ 65. Ke2
f4 66. exf4+ Rxf4 67. Rxf4 Kxf4 68. Kf2 g3+ 69. Kg2 Kg4 70. Kg1 Kh3 71. Kh1 Kg4
72. Kg2 Kf4 73. Kg1 Kf3 74. Kf1 Kf4 75. Kg2 Kg4 76. Kg1 Kh3 77. Kh1 1/2-1/2

[Event "20th Medicine Hat Open"]
[Site "Medicine Hat"]
[Date "2014.09.21"]
[Round "5.7"]
[White "Sehn, Jordi"]
[Black "Migrino, Quirck"]
[Result "1/2-1/2"]
[WhiteElo "1223"]
[BlackElo "1292"]
[PlyCount "56"]
[EventDate "2014.09.20"]
[EventType "swiss"]
[EventRounds "5"]
[EventCountry "CAN"]

1. e4 c5 2. Bc4 e6 3. Nc3 Nc6 4. b3 Nf6 5. Bb2 Be7 6. f4 d5 7. Bb5 d4 8. Bxc6+
bxc6 9. Na4 Nxe4 10. Qf3 Qd5 11. c4 dxc3 12. Bxc3 Nxc3 13. Nxc3 Qxf3 14. Nxf3
Bf6 15. Rc1 Rg8 16. Ne4 Be7 17. Nxc5 g5 18. O-O gxf4 19. Ne5 Bxc5+ 20. Rxc5 Bb7
21. Rxf4 Rd8 22. Rxf7 Rxd2 23. Rf2 Rxf2 24. Kxf2 Rg5 25. Nd3 Rd5 26. Ke3 Ba6
27. Rc3 Bxd3 28. Rxd3 Ke7 1/2-1/2

[Event "Edmonton Jr. Regional Ch."]
[Site "Edmonton"]
[Date "2014.10.04"]
[Round "1"]
[White "Mo, Michelle"]
[Black "Lau, Julian"]
[Result "0-1"]
[WhiteElo "1584"]
[BlackElo "1312"]
[PlyCount "100"]
[EventDate "2014.10.04"]
[EventType "swiss"]
[EventRounds "5"]
[EventCountry "CAN"]

1. e4 e5 2. Nf3 Nc6 3. Bb5 Nd4 4. Nxd4 exd4 5. c3 c6 6. Be2 d5 7. exd5 Qxd5 8.
O-O Nf6 9. cxd4 Qxd4 10. Nc3 Bd6 11. Re1 O-O 12. d3 Qh4 13. g3 Qh3 14. Bf1 Qf5
15. Bg2 Ng4 16. Rf1 Rd8 17. Ne4 Bc7 18. b3 Be5 19. Rb1 Be6 20. Bb2 Bxb2 21.
Rxb2 Ne5 22. Rd2 Rd4 23. Re1 Rad8 24. Re3 Ng4 25. Rf3 Qxe4 26. Rf4 Qg6 27. Rxd4
Rxd4 28. Be4 Qh5 29. h4 Nf6 30. Qxh5 Nxh5 31. Rc2 Nf6 32. Rc3 Nxe4 33. dxe4
Rxe4 34. Rd3 h6 35. Rd8+ Kh7 36. f3 Re2 37. Rb8 b5 38. a4 bxa4 39. bxa4 c5 40.
Rb7 Bd5 41. Rxa7 Bxf3 42. Rxf7 Bd5 43. Rf5 Rd2 44. Rf1 c4 45. Rc1 Ra2 46. Rd1
Bg8 47. Rc1 Rxa4 48. Rc3 Rb4 49. Kf2 Rb3 50. Rc2 c3 0-1

[Event "Edmonton Jr. Regional Ch."]
[Site "Edmonton"]
[Date "2014.10.04"]
[Round "2"]
[White "Mo, Michelle"]
[Black "Yao, David"]
[Result "0-1"]
[WhiteElo "1584"]
[BlackElo "1442"]
[PlyCount "70"]
[EventDate "2014.10.04"]
[EventType "swiss"]
[EventRounds "5"]
[EventCountry "CAN"]

1. e4 e6 2. d4 d5 3. e5 c5 4. c3 Nc6 5. Nf3 Qb6 6. b3 cxd4 7. cxd4 Bd7 8. Bd3
Nxd4 9. Nxd4 Qxd4 10. Bb2 Qxb2 11. Nd2 Qxe5+ 12. Be2 Bb5 13. Nf3 Bb4+ 14. Kf1
Bxe2+ 15. Qxe2 Qxa1+ 16. Ne1 Qxe1+ 17. Qxe1 Bxe1 18. Kxe1 Nf6 19. f3 Rc8 20.
Kf2 Ke7 21. Re1 Rhd8 22. a4 d4 23. Rd1 d3 24. Rd2 Rc2 25. Ke1 Rxd2 26. Kxd2 e5
27. b4 e4 28. fxe4 Nxe4+ 29. Kd1 d2 30. a5 Nc3+ 31. Kc2 d1=Q+ 32. Kxc3 Rc8+ 33.
Kb2 Qc2+ 34. Ka1 Rd8 35. a6 Rd1# 0-1

[Event "Edmonton Jr. Regional Ch."]
[Site "Edmonton"]
[Date "2014.10.05"]
[Round "4"]
[White "Grossmann, Lenard"]
[Black "Mo, Michelle"]
[Result "1-0"]
[WhiteElo "1701"]
[BlackElo "1584"]
[PlyCount "129"]
[EventDate "2014.10.04"]
[EventType "swiss"]
[EventRounds "5"]
[EventCountry "CAN"]

1. e4 c5 2. Nc3 Nc6 3. f4 d6 4. Nf3 e6 5. Bb5 Bd7 6. O-O Be7 7. Qe1 e5 8. fxe5
Nxe5 9. Bxd7+ Qxd7 10. Nxe5 dxe5 11. Nd5 Qd6 12. d3 h6 13. Qg3 g6 14. Qf3 O-O-O
15. Nxe7+ Qxe7 16. Qxf7 Qxf7 17. Rxf7 Rd7 18. Rxd7 Kxd7 19. Be3 b6 20. Rf1 h5
21. Rf8 Ke7 22. Ra8 Kd6 23. Bg5 Ke6 24. Rxa7 Nf6 25. Bxf6 Kxf6 26. Rb7 Kg5 27.
Rxb6 Ra8 28. a3 Rc8 29. b3 Kf4 30. Rf6+ Kg5 31. Rf3 Ra8 32. a4 Ra5 33. g3 Kg4
34. Kg2 h4 35. Rf6 h3+ 36. Kf2 Kh5 37. Re6 Kg5 38. Rxe5+ Kf6 39. Rd5 Ke6 40. d4
Ra6 41. dxc5 Rc6 42. b4 Ra6 43. a5 Ra7 44. c4 Ra6 45. Rd6+ Rxd6 46. cxd6 Kxd6
47. Ke3 g5 48. Kd4 Kc6 49. e5 Kc7 50. b5 Kc8 51. c5 g4 52. Kd5 Kd7 53. c6+ Kc7
54. b6+ Kc8 55. a6 Kd8 56. Kd6 Ke8 57. e6 Kf8 58. a7 Kg7 59. a8=Q Kg6 60. b7
Kf5 61. b8=Q Ke4 62. c7+ Kd4 63. c8=Q Kd3 64. Qa3+ Kd4 65. Qbb4# 1-0

[Event "Edmonton Jr. Regional Ch."]
[Site "Edmonton"]
[Date "2014.10.05"]
[Round "4"]
[White "Zita, Matthew"]
[Black "Mah, Sean"]
[Result "1/2-1/2"]
[WhiteElo "1382"]
[BlackElo "1555"]
[PlyCount "110"]
[EventDate "2014.10.04"]
[EventType "swiss"]
[EventRounds "5"]
[EventCountry "CAN"]

1. c4 c5 2. Nc3 Nc6 3. e3 e6 4. d4 cxd4 5. exd4 d5 6. cxd5 exd5 7. Nf3 Nge7 8.
Be2 g6 9. Be3 Bg7 10. Qb3 O-O 11. O-O b6 12. Rad1 Bb7 13. Rfe1 Rc8 14. Qc2 Re8
15. a3 Nf5 16. Qd3 Na5 17. Bg5 f6 18. Bc1 Qd7 19. Qb5 Qxb5 20. Nxb5 a6 21. Nc3
Nb3 22. h3 Nxc1 23. Rxc1 Bh6 24. Rcd1 Nd6 25. Na4 Ne4 26. Nxb6 Rc2 27. b4 Kf7
28. Na4 Bc6 29. Ra1 Bxa4 30. Bd1 Rb2 31. Bxa4 Rc8 32. Rf1 Nc3 33. Bd7 Rc7 34.
Bg4 Rb3 35. Rfe1 Ne4 36. Reb1 Rxb1+ 37. Rxb1 Rc3 38. a4 Nd6 39. b5 axb5 40.
axb5 Rc7 41. Nh2 Rb7 42. Be2 Ke7 43. Ng4 Bg7 44. Ne3 Ke6 45. Bf3 Ne4 46. Nc4
dxc4 47. Bxe4 Rb6 48. Bc6 f5 49. d5+ Kd6 50. Kf1 c3 51. Ke2 g5 52. Kd3 Be5 53.
Re1 f4 54. f3 h5 55. Re4 Rb8 1/2-1/2

[Event "Edmonton Jr. Regional Ch."]
[Site "Edmonton"]
[Date "2014.10.05"]
[Round "4.1"]
[White "Yao, David"]
[Black "Wang, Kaixin"]
[Result "1/2-1/2"]
[WhiteElo "1442"]
[BlackElo "1766"]
[PlyCount "67"]
[EventDate "2014.10.04"]
[EventType "swiss"]
[EventRounds "5"]
[EventCountry "CAN"]

1. g3 d5 2. d4 Nf6 3. Bg2 Bf5 4. c3 Nbd7 5. Nf3 h6 6. O-O e6 7. Nbd2 Bd6 8. a4
O-O 9. b4 e5 10. dxe5 Nxe5 11. Nxe5 Bxe5 12. Bb2 c6 13. Nf3 Bc7 14. Nd4 Bd7 15.
e3 Qc8 16. Rc1 Bh3 17. Bxh3 Qxh3 18. Qf3 Ng4 19. Qg2 Qh5 20. Nf3 Rfe8 21. h3
Ne5 22. Nxe5 Bxe5 23. Ba1 Qe2 24. Rfe1 Qc4 25. Qf1 Qb3 26. a5 b6 27. Qa6 Qa3
28. Qb7 bxa5 29. bxa5 Qd6 30. f4 Bf6 31. Qb2 Qc5 32. Qb4 Qxb4 33. cxb4 Bxa1 34.
Rxa1 1/2-1/2

[Event "Edmonton Jr. Regional Ch."]
[Site "Edmonton"]
[Date "2014.10.05"]
[Round "5.1"]
[White "Lau, Julian"]
[Black "Yao, David"]
[Result "0-1"]
[WhiteElo "1312"]
[BlackElo "1442"]
[PlyCount "104"]
[EventDate "2014.10.04"]
[EventType "swiss"]
[EventRounds "5"]
[EventCountry "CAN"]

1. e4 e6 2. d4 d5 3. Nd2 Nf6 4. Bd3 c5 5. c3 Nc6 6. Ngf3 Qb6 7. e5 Nd7 8. Nb3
c4 9. Bb1 cxb3 10. axb3 f6 11. Bf4 Be7 12. Qc2 Nf8 13. O-O Ng6 14. Bg3 f5 15.
c4 dxc4 16. Qxc4 Qb4 17. Bd3 Qxc4 18. bxc4 Nb4 19. Bb1 Bd7 20. h4 Bc6 21. Ng5
Bxg5 22. hxg5 O-O 23. f3 a6 24. Bf2 b5 25. b3 bxc4 26. bxc4 a5 27. Be3 Ne7 28.
Bc1 Rfc8 29. c5 Ned5 30. f4 Nc3 31. Bb2 Nxb1 32. Raxb1 Nd5 33. Ba3 a4 34. Kh2
Nc3 35. Ra1 Nb5 36. Kh3 Nxa3 37. Rxa3 Rcb8 38. g4 fxg4+ 39. Kxg4 Rb3 40. Ra2 a3
41. Rff2 Rb4 42. Rfd2 Bd5 43. Ra1 a2 44. Rc1 a1=Q 45. Rxa1 Rxa1 46. Rc2 Rc4 47.
Rf2 Rxd4 48. Kh5 g6+ 49. Kg4 Rc1 50. Rb2 Rxc5 51. Rb8+ Kg7 52. Rd8 Bf3+ 0-1

[Event "Edmonton Jr. Regional Ch."]
[Site "Edmonton"]
[Date "2014.10.05"]
[Round "5.2"]
[White "Mah, Sean"]
[Black "Grossmann, Lenard"]
[Result "1/2-1/2"]
[WhiteElo "1555"]
[BlackElo "1701"]
[PlyCount "192"]
[EventDate "2014.10.04"]
[EventType "swiss"]
[EventRounds "5"]
[EventCountry "CAN"]

1. e4 c5 2. d4 cxd4 3. c3 d5 4. Qa4+ Nc6 5. exd5 Qxd5 6. cxd4 Qxd4 7. Bb5 Qxa4
8. Bxa4 Bd7 9. Nc3 O-O-O 10. Be3 e6 11. O-O-O Nf6 12. Nf3 Nb4 13. Bxd7+ Nxd7
14. Bxa7 b6 15. Kb1 Kb7 16. Nb5 Bc5 17. Nfd4 Bxd4 18. Rxd4 Nc6 19. Nd6+ Kxa7
20. Ra4+ Kb8 21. Nxf7 Rhf8 22. Nxd8 Rxd8 23. Rc1 Nc5 24. Rg4 Ne5 25. Rxg7 Rd7
26. Rxd7 Ncxd7 27. Re1 Kc7 28. f4 Nd3 29. Rxe6 Nxf4 30. Rh6 Nxg2 31. Rxh7 Kd6
32. h4 Nf4 33. h5 Nf6 34. Rb7 Kc6 35. Ra7 N6xh5 36. a4 Nf6 37. Ra6 Kb7 38.
Rxb6+ Kxb6 39. Kc2 N6d5 40. Kd2 Ka5 41. b3 Kb4 42. Ke1 Kxb3 43. a5 Nb4 44. Kf2
Ka4 45. Ke3 Nfd5+ 46. Kd4 Kxa5 47. Ke5 Kb5 48. Kd4 Nb6 49. Ke5 Kc4 50. Ke4 Nd3
51. Ke3 Nd7 52. Ke4 N7c5+ 53. Ke3 Kd5 54. Kf3 Ke5 55. Ke3 Nf4 56. Kf3 Ncd3 57.
Ke3 Kd5 58. Kf3 Kd4 59. Kg4 Ke4 60. Kg5 Nd5 61. Kg4 Ne5+ 62. Kg5 Nf3+ 63. Kg4
Nf6+ 64. Kg3 Ke3 65. Kg2 Ne4 66. Kh3 Kf4 67. Kg2 Nfd2 68. Kh3 Kg5 69. Kg2 Kg4
70. Kg1 Kg3 71. Kh1 Ng5 72. Kg1 Nge4 73. Kh1 Nf1 74. Kg1 Nh2 75. Kh1 Nc3 76.
Kg1 Nd1 77. Kh1 Ne3 78. Kg1 Nhg4 79. Kh1 Kh4 80. Kg1 Kh3 81. Kh1 Ne5 82. Kg1
Nd3 83. Kh1 Nc5 84. Kg1 Ne4 85. Kh1 Nc4 86. Kg1 Ncd2 87. Kh1 Kg3 88. Kg1 Kf3
89. Kh2 Ng5 90. Kg1 Kg3 91. Kh1 Kf2 92. Kh2 Ndf3+ 93. Kh1 Ne5 94. Kh2 Ng4+ 95.
Kh1 Ne3 96. Kh2 Nf1+ 1/2-1/2

[Event "Edmonton Jr. Regional Ch."]
[Site "Edmonton"]
[Date "2014.10.05"]
[Round "5.3"]
[White "Wang, Kaixin"]
[Black "Mo, Michelle"]
[Result "1-0"]
[WhiteElo "1766"]
[BlackElo "1584"]
[PlyCount "101"]
[EventDate "2014.10.04"]
[EventType "swiss"]
[EventRounds "5"]
[EventCountry "CAN"]

1. e4 c5 2. Nf3 d6 3. d4 cxd4 4. Nxd4 Nf6 5. Nc3 a6 6. Bg5 e5 7. Nb3 Be7 8. Qd2
O-O 9. Be2 Be6 10. h4 Nfd7 11. O-O-O Nf6 12. Kb1 Qc7 13. Bxf6 Bxf6 14. Qxd6
Qxd6 15. Rxd6 Be7 16. Rd3 b5 17. Nd5 Bxd5 18. Rxd5 Nc6 19. Nc5 Bxc5 20. Rxc5
Nd4 21. Bg4 Rfe8 22. c3 Ne6 23. Rxe5 Nc7 24. Rxe8+ Rxe8 25. Re1 Rd8 26. Rd1
Rxd1+ 27. Bxd1 Ne6 28. Bg4 Nc5 29. f3 Kf8 30. Kc2 Ke7 31. b4 Na4 32. Bc8 Nb6
33. Bxa6 Nc4 34. Kd3 Nd6 35. Kd4 Kd7 36. Kc5 Kc7 37. Bxb5 Nb7+ 38. Kd4 f6 39.
c4 Nd6 40. a4 Kb7 41. Kd5 Kc7 42. c5 Nc8 43. Ke6 g5 44. hxg5 fxg5 45. Bd7 Na7
46. b5 Kb7 47. b6 Nc6 48. Bxc6+ Kxc6 49. a5 Kb7 50. Kd7 Kb8 51. a6 1-0

[Event "2014 Alberta Open"]
[Site "Calgary"]
[Date "2014.10.11"]
[Round "1.2"]
[White "Adagha, Ovo"]
[Black "Pechenkin, Vladimir"]
[Result "1/2-1/2"]
[WhiteElo "1892"]
[BlackElo "2388"]
[PlyCount "84"]
[EventDate "2014.10.11"]
[EventType "swiss"]
[EventRounds "6"]
[EventCountry "CAN"]

1. e4 e6 2. d4 d5 3. Nd2 Be7 4. Ngf3 Nf6 5. e5 Nfd7 6. Bd3 c5 7. c3 b6 8. O-O
Ba6 9. Bxa6 Nxa6 10. Qa4 Nc7 11. dxc5 bxc5 12. Re1 O-O 13. Nf1 c4 14. Be3 Nc5
15. Bxc5 Bxc5 16. b4 cxb3 17. axb3 Qe8 18. Qg4 Qb5 19. Ng3 Qd3 20. Nh4 f5 21.
Qf3 Qxf3 22. Nxf3 Rab8 23. b4 Bb6 24. Ne2 Nb5 25. Rec1 Rfc8 26. Kf1 Rc6 27.
Ned4 Nxd4 28. Nxd4 Bxd4 29. cxd4 Rxc1+ 30. Rxc1 Rxb4 31. Rc8+ Kf7 32. Rc7+ Kg6
33. Rxa7 Rxd4 34. Re7 Re4 35. Rxe6+ Kf7 36. Rd6 Rxe5 37. f4 Re4 38. Rxd5 Rxf4+
39. Ke2 Ke6 40. Ra5 Rh4 41. h3 g6 42. Kf3 Kf6 1/2-1/2

[Event "2014 Alberta Open"]
[Site "Calgary"]
[Date "2014.10.11"]
[Round "1.3"]
[White "Sasata, Robert"]
[Black "Allan, Philip"]
[Result "1-0"]
[WhiteElo "2370"]
[BlackElo "1871"]
[PlyCount "115"]
[EventDate "2014.10.11"]
[EventType "swiss"]
[EventRounds "6"]
[EventCountry "CAN"]

1. d4 Nf6 2. c4 e5 3. dxe5 Ng4 4. Bf4 Nc6 5. Nf3 Bb4+ 6. Nbd2 Qe7 7. e3 Ngxe5
8. Nxe5 Nxe5 9. Be2 O-O 10. O-O a5 11. a3 Bxd2 12. Qxd2 d6 13. Qc3 f6 14. b4
axb4 15. axb4 Bd7 16. Ra3 Rxa3 17. Qxa3 Be6 18. Qa7 c6 19. Rc1 Rd8 20. h3 d5
21. c5 Bf5 22. b5 Qd7 23. bxc6 Qxc6 24. Qa5 Rc8 25. Bb5 Qe6 26. Qa7 Qf7 27. Bg3
h6 28. Kh2 Bd3 29. Bxd3 Nxd3 30. Rc3 Ne5 31. Rb3 Rc7 32. Qa8+ Kh7 33. Qa1 Rd7
34. Qb1+ g6 35. Rb6 Nc4 36. Rb4 Nd2 37. Qd3 Ne4 38. Qd4 Qe7 39. Rb5 Kg7 40. f3
Nxg3 41. Kxg3 Qe5+ 42. Kf2 Qxd4 43. exd4 Re7 44. Rb6 Rd7 45. Ke3 Kf7 46. Kf4
Ke7 47. h4 h5 48. g4 hxg4 49. Kxg4 Kf7 50. h5 gxh5+ 51. Kxh5 Kg7 52. Kg4 Kg6
53. Kf4 Rh7 54. Rd6 Rh4+ 55. Ke3 Rh5 56. Rd7 Rh1 57. Rxd5 Re1+ 58. Kf4 1-0

[Event "2014 Alberta Open"]
[Site "Calgary"]
[Date "2014.10.11"]
[Round "1.4"]
[White "Badulescu, Dan"]
[Black "Rekhson, Vladislav"]
[Result "0-1"]
[WhiteElo "1856"]
[BlackElo "2252"]
[PlyCount "61"]
[EventDate "2014.10.11"]
[EventType "swiss"]
[EventRounds "6"]
[EventCountry "CAN"]

1. e4 c5 2. Nc3 d6 3. b3 Nc6 4. Bc4 Nf6 5. Nge2 a6 6. O-O b5 7. Bd3 Ne5 8. Ng3
Nxd3 9. cxd3 e6 10. Bb2 b4 11. Nce2 h5 12. Bxf6 Qxf6 13. Re1 g5 14. e5 Qxe5 15.
Nxh5 Be7 16. Rb1 Bb7 17. Neg3 Qd5 18. Ne4 O-O-O 19. Qe2 f5 20. Nhg3 fxe4 21.
dxe4 Qe5 22. Rbc1 Rdg8 23. a3 bxa3 24. Ra1 d5 25. Rxa3 c4 26. Ra5 Bb4 27. Ra4
Bc5 28. b4 Bd4 29. exd5 Qxd5 30. Qe4 Qd6 31. Qxe6+ 0-1